Extraordinary groups (E-Book) (Record no. 193016)

000 -LEADER
fixed length control field 01171 a2200289 4500
003 - CONTROL NUMBER IDENTIFIER
control field Nust
005 - DATE AND TIME OF LATEST TRANSACTION
control field 20170207154049.0
010 ## - LIBRARY OF CONGRESS CONTROL NUMBER
LC control number 2009021544
020 ## - INTERNATIONAL STANDARD BOOK NUMBER
International Standard Book Number 0470404817 (cloth)
020 ## - INTERNATIONAL STANDARD BOOK NUMBER
International Standard Book Number 9780470404812 (cloth)
035 ## - SYSTEM CONTROL NUMBER
System control number (OCoLC)ocn317456246
040 ## - CATALOGING SOURCE
Transcribing agency Nust
082 00 - DEWEY DECIMAL CLASSIFICATION NUMBER
Classification number 302.3/4
082 00 - DEWEY DECIMAL CLASSIFICATION NUMBER
Classification number 658.402
100 1# - MAIN ENTRY--PERSONAL NAME
Personal name Bellman, Geoffrey M.,
245 10 - TITLE STATEMENT
Title Extraordinary groups (E-Book)
Remainder of title how ordinary teams achieve amazing results /
Statement of responsibility, etc. Geoffrey M. Bellman, Kathleen D. Ryan.
250 ## - EDITION STATEMENT
Edition statement 1st ed.
260 ## - PUBLICATION, DISTRIBUTION, ETC.
Place of publication, distribution, etc. San Francisco, CA :
Name of publisher, distributor, etc. Jossey-Bass,
Date of publication, distribution, etc. c2009.
300 ## - PHYSICAL DESCRIPTION
Extent xiv, 229 p. :
Other physical details ill. ;
Dimensions 24 cm.
505 0# - FORMATTED CONTENTS NOTE
Formatted contents note Why small groups are especially important now -- What's different about extraordinary groups -- What ordinary groups need -- Growing toward your potential -- Joining for purpose -- Creating change together -- The heart of transformation -- Embracing group differences -- Leading extraordinary groups -- Living the promise of extraordinary groups.
650 #0 - SUBJECT ADDED ENTRY--TOPICAL TERM
Topical term or geographic name entry element Organizational change.
650 #0 - SUBJECT ADDED ENTRY--TOPICAL TERM
Topical term or geographic name entry element Small groups.
650 #0 - SUBJECT ADDED ENTRY--TOPICAL TERM
Topical term or geographic name entry element Social group work.
650 #0 - SUBJECT ADDED ENTRY--TOPICAL TERM
Topical term or geographic name entry element Teams in the workplace.
651 ## - SUBJECT ADDED ENTRY--GEOGRAPHIC NAME
Geographic name E-Book
700 1# - ADDED ENTRY--PERSONAL NAME
Personal name Ryan, Kathleen,
Dates associated with a name 1947-
942 ## - ADDED ENTRY ELEMENTS (KOHA)
Source of classification or shelving scheme
Koha item type Book
Holdings
Withdrawn status Lost status Source of classification or shelving scheme Damaged status Not for loan Collection code Permanent Location Current Location Date acquired Total Checkouts Barcode Date last seen Price effective from Koha item type
            Military College of Signals (MCS) Military College of Signals (MCS) 12/12/2016   MCSEB-2526 12/08/2016 12/12/2016 Book
© 2023 Central Library, National University of Sciences and Technology. All Rights Reserved.